000 00794nam a2200241Ia 4500
003 OSt
005 20231121142850.0
008 210716s2011 xx 000 0 und d
020 _a9789353435141
040 _cAIMIT LIBRARY
041 _aeng
082 _a001.42 CHAD
_22
_bCHAD
100 _aBhatia, Puneet Singh.
_9141376
245 _aFundamentals of digital marketing /
_cby Puneet Singh Bhatia.
250 _a2nd ed.
260 _aNew Delhi :
_bPearson Education ,
_c2020.
300 _axxii,479 p.;
_bPB
_c24.5 cm.
650 _aIntroduction to digital marketing
_9141377
650 _aDigital marketing strategy development
_9141378
650 _aDigital marketing execution
_9141379
650 _aDigital marketing execution elements
_9141380
942 _2ddc
_cBK
_e2nd
_k658.84 BHAP
999 _c181834
_d181834